First Cities with 1000 ft Skyscrapers - Statistics

General Stats
  • This quiz has been taken 473 times
  • The average score is 12 of 22
Answer Stats
Year City Building % Correct
1930 New York City Chrysler Building
99%
1969 Chicago Chase Tower
94%
1999 Dubai Burj Al Arab
89%
1989 Los Angeles U.S. Bank Tower
88%
1999 Shanghai Jin Mao Tower
87%
2009 Beijing China World Trade Center
84%
1990 Hong Kong Bank of China Tower
84%
2004 Taipei Taipei 101
67%
1998 Kuala Lumpur Petronas Towers
64%
1997 Guangzhou CITIC Plaza
63%
1982 Houston JPMorgan Chase Tower
62%
2010 Abu Dhabi Sky Tower
52%
1996 Shenzhen Shun Hing Square
48%
1992 Atlanta Bank of America Plaza
44%
2010 Tianjin Tianjin World Financial Center
42%
2007 Wuhan Minsheng Bank Building
34%
2010 Nanjing Zifeng Tower
25%
1992 Pyongyang Ryugyong Hotel
14%
2005 Gold Coast Q1
12%
2010 Incheon Northeast Asia Trade Tower
4%
1997 Kaohsiung Tuntex Sky Tower
4%
2010 Wenzhou Wenzhou World Trade Center
3%
No matching quizzes found
Score Distribution
Percent of People with Each Score
Percentile by Number Answered
Your Score History
You have not taken this quiz